Statystyki dla Skocznie w sezonie 2006/2007

Kliknij tutaj aby rozwiązać quiz!

Ogólne statystyki

  • Ten quiz został rozwiązany 18 razy
  • Średni wynik to 16 z 19

Statystyki odpowiedzi

Skocznia% Poprawnych
6Garmisch - Partenkirchen
94%
7Innsbruck
94%
15Lahti
94%
5Oberstdorf
94%
11Oberstdorf
94%
18Oslo
94%
19Planica
94%
2Lillehammer
88%
17Lillehammer
88%
1Ruka/Kuusamo
88%
9Vikersund
88%
10Zakopane
88%
4Engelberg
81%
16Kuopio
81%
14Willingen
81%
8Bischofshofen
75%
12Titisee - Neustadt
69%
3Harrachov
63%
13Klingenthal
63%

Rozkład punktacji

Percentyl według liczby udzielonych odpowiedzi

Procent ludzi z każdym wynikiem

Twoja historia wyników

Nie rozwiązałeś tego quizu